| 000 | 00413nam a22001577a 4500 | ||
|---|---|---|---|
| 020 | _a9789356349827 | ||
| 082 |
_a004 _bOSW/I |
||
| 100 | _aOSWAAL | ||
| 245 | _aINFORMATICS PRACTICES-XII | ||
| 246 |
_aINFORMATICS PRACTICES-XII _bINFORMATICS PRACTICES-XII |
||
| 260 |
_aAGRA _bOSWAAL _c2023 |
||
| 300 | _a205 | ||
| 520 | _aINFORMATICS PRACTICES-XII ,SOLVED PAPERS | ||
| 650 | _aINFORMATICS PRACTICES | ||
| 942 | _cBK | ||
| 999 |
_c8563 _d8563 |
||